Les techniques d'enquête en sciences sociales : Méthodes et exercices corrigés (notice n° 2027508)

détails MARC
000 -LEADER
fixed length control field 01410cam a2200133 4500500
005 - DATE AND TIME OF LATEST TRANSACTION
control field 20260329082230.0
041 ## - LANGUAGE CODE
Language code of text/sound track or separate title fre
042 ## - AUTHENTICATION CODE
Authentication code dc
100 10 - MAIN ENTRY--PERSONAL NAME
Personal name Berthier, Nicole
Relator term author
245 00 - TITLE STATEMENT
Title Les techniques d'enquête en sciences sociales : Méthodes et exercices corrigés
260 ## - PUBLICATION, DISTRIBUTION, ETC.
Name of publisher, distributor, etc. Armand Colin,<br/>
Date of publication, distribution, etc. 2023.<br/>
520 ## - SUMMARY, ETC.
Summary, etc. Ce manuel propose un apprentissage guidé pour être en mesure de réaliser une enquête, par questionnaires et entretiens de qualité, dans le cadre des études en sciences sociales. Avec cet ouvrage à la fois complet et accessible, construit en quatre parties, « Préparer », « Questionner », « Récolter », « Analyser », vous avancerez pas à pas dans l’enquête, en apprenant successivement : – à choisir une stratégie et définir les contenus ; – élaborer les questions d’entretien ou de questionnaire ; – tirer parti des données recueillies. Les exposés de chaque chapitre présentent la méthode de l’enquête. Ils sont immédiatement suivis d’exercices d’application concrète de niveaux de difficulté variée, avec leurs corrigés détaillés permettant de s’approprier la méthode, d’acquérir des savoir-faire, de réfléchir sur ses pratiques et de disposer de modèles utilisables.
856 41 - ELECTRONIC LOCATION AND ACCESS
Uniform Resource Identifier <a href="https://shs.cairn.info/les-techniques-d-enquete-en-sciences-sociales--9782200635459?lang=fr&redirect-ssocas=7080">https://shs.cairn.info/les-techniques-d-enquete-en-sciences-sociales--9782200635459?lang=fr&redirect-ssocas=7080</a>

Pas d'exemplaire disponible.

PLUDOC

PLUDOC est la plateforme unique et centralisée de gestion des bibliothèques physiques et numériques de Guinée administré par le CEDUST. Elle est la plus grande base de données de ressources documentaires pour les Étudiants, Enseignants chercheurs et Chercheurs de Guinée.

Adresse

627 919 101/664 919 101

25 boulevard du commerce
Kaloum, Conakry, Guinée

Réseaux sociaux

Powered by Netsen Group @ 2025